LEADER 01376nam a2200241 4500 001 000000331616 003 CaOOAMICUS 005 20181217153443.0 008 181210s2006 it a 000 u fre r 020 $a978-2-227-47638-7 040 $aSeMil$bita 110 1 $aÉglise catholique : Conférence épiscopale française : Commission épiscopale de la catéchèse et du catéchuménat.$0(OLS)http://semarc/name/108722 245 10$aDes temps de catéchèse communautaires articulés à l'année liturgique :$bsuggesions pour mettre en ?uvre la décision des évêques /$cService national de la catéchèse et du catéchuménat ; préface de Christopge Dufour. 264 1$aParis :$bBayard,$c2006. 300 $a94 p., [1] c. di tav. :$bill. ;$c21 cm 650 4$aCatechesi liturgica.$0(OLS)http://semarc/subject/3547 700 1 $aDufour, Christophe,$d<1947- >.$0(OLS)http://semarc/name/108667 850 $aSeMil 852 $aSeMil$W1$xVenegono$y1$m2C VII 221$j210942$B224663$CSeMilBibl$Z2$F224663 $81 996 $6020$a978-2-227-47638-7$9(OLS)http://semarc/number/285847 996 $6245$aDes temps de catéchèse communautaires articulés à l'année liturgique :$bsuggesions pour mettre en ?uvre la décision des évêques$9(OLS)http://semarc/title/420339 996 $6264$aParis :$bBayard$9(OLS)http://semarc/publisher/30832 LEADER 01036nam a2200253 i 4500 001 000000183483 003 CaOOAMICUS 005 20091116000000.0 008 091116s1991 it u000 u ita u 013 $a161451 020 $a88-04-35026-1 040 $aSeMil$bita 100 1 $aChristie, Agatha,$d<1890-1976>.$0(OLS)http://semarc/name/7447 245 13$aIl mistero di lord Listerdale e altre storie /$cAgatha Christie ; traduzione di Grazia Griffini. 260 $aMilano :$bArnoldo Mondadori Editore,$c1991. 300 $a262 p. ;$c19 cm. 490 0 $aOscar Gialli ;$v249 830 0$aOscar gialli ;$v249.$0(OLS)http://semarc/title/30002 850 $aSeMil 852 $aSeMil$W1$xVenegono$y1$m1F IV 34$j134183$B134183$CSeMilBibl$Z2$F146212 $81 961 $aOmaggio: Altro 996 $6020$a88-04-35026-1$9(OLS)http://semarc/number/173234 996 $6245$aIl mistero di lord Listerdale e altre storie$9(OLS)http://semarc/title/263359 996 $6260$aMilano :$bArnoldo Mondadori Editore$9(OLS)http://semarc/publisher/30056